| 000 | nam a22 7a 4500 | ||
|---|---|---|---|
| 999 |
_c55556 _d55556 |
||
| 003 | OSt | ||
| 005 | 20220917114742.0 | ||
| 008 | 220917b xxu||||| |||| 00| 0 eng d | ||
| 040 | _cIIMT UNIVERSITY, MEERUT | ||
| 100 | _aSHELDON, SIDNEY | ||
| 245 | _aMASTER OF THE GAME | ||
| 260 |
_aWARNER BOOKS PUB. _bNEW YORK _c1982 |
||
| 300 | _a495 | ||
| 942 |
_2ddc _c09 |
||